000 01964nam0a2200469 4500
001 RU\NLR\bibl\263988
005 20260406062510.0
010 _a5-295-02931-X
_92500
021 _aRU
_b2001-61799
_93011
035 _a(NLR Aleph) 000259605
090 _a1516230
_c1516230
100 _a20020426d2001 |||y0rusy50 ca
101 0 _arus
_abak
102 _aRU
105 _aa |||||||||
200 1 _aВоспоминания о Габдулле Гилязеве
_e[Сб.
_fСост. Р. Ягудина-Шайгарданова]
210 _aУфа
_cКитап
_d2001
215 _a101, [2] с.
_cил., портр.
_d20
300 _aЗагл. также: башк.
300 _aБашк.
300 _aЧ. текста: рус.
300 _aЗагл. обл. : Fабдулла Fилэжев
600 1 _aГилязев
_bГ.Г.
_f1930
_gГабдулла Габдрахманович
_jв воспоминаниях
_jСборники
_92248811
_3RU\NLR\auth\661349020
600 1 _aГилязев
_bГ.Г.
_f1930
_gГабдулла Габдрахманович
_jСборники
_92248811
_3RU\NLR\auth\661349020
600 1 _aГилязев
_bГ. Г.
_gГабдулла Габдрахманович
_2psbo
610 0 _aДраматические театры - История
610 0 _aРусский драматический театр
675 _a792.2(470.57)(092)
_v3
_zrus
675 _a929Гилязев
_v3
_zrus
686 _a18.45
_2rugasnti
686 _a85.334.3(2)
_2rubbk
686 _aЩ334.3(2Р=Баш)7-85Гилязев
702 1 _aГилязев
_bГ.
_gГабдулла
_4570
702 1 _4220
_8rus
_7ca
_aЯгудина-Шайгарданова
_bР.
_gРамиля
_3RU\NLR\AUTH\7712685
_9122396
801 0 _aRU
_bRKP
_c20020426
_gPSBO
801 1 _aRU
_bRKP
_c20020426
801 2 _aRU
_bNLR
_c20060410
_grcr
852 _aNLR
_bОНЛ
_jБашк./2-4208
942 _cBOOK
980 _aNB